=LDR 00000nam 2200000 4500 =001 INLIS000000000037722 =005 20200911101129 =035 ##$$a 0010-061300000037722 =008 200911################g##########0#ind## =041 ##$$a Ind =082 ##$$a 305.4 =090 ##$$a 305.4, San i =100 1#$$a Santoso, Lukman =245 1#$$a Ibu-ibu hebat pencetak orang-orang besar /$c Lukman Santoso ; editor, Desy Wijaya =260 ##$$a Yogyakarta :$b BukuBiru,$c 2011 =300 ##$$a 219 hlm. ; $c 14x20 cm. =700 1#$$a Wijaya, Desy =850 ##$$a NBPNMAT =020 ##$$a 978-602-978-653-8 =084 ##$$a 305.4 SAN i =990 ##$$a 21110825 =990 ##$$a 21110824